| 000 | 00694nam a2200169 i 4500 | ||
|---|---|---|---|
| 001 | 62241 | ||
| 003 | ES-MaACL | ||
| 007 | t| | ||
| 008 | 031119s1949 sp ||||1| spa d | ||
| 100 | 1 |
_aFeigil, Fritz. _949100 |
|
| 245 | 1 | 0 |
_aAnálisis cualitativo mediante reacciones a la gota _b: aplicaciones inorgánicas y orgánicas / _cpor Fritz Feigel ; traducida de la tercera edición inglesa, "completamente revisada" por Ricardo Sánchez y Siro Arribas Jimeneo. |
| 260 |
_aMadrid : _b[Paraninfo], _c1949 ( _fBolaños y Aguilar) |
||
| 300 |
_aXXIII, 614 p. ; _c25 cm. |
||
| 700 | 1 |
_aRincón Sánchez, Ricardo. _997272 |
|
| 700 | 1 |
_aArribas Jimeno, Siro. _923292 |
|
| 852 |
_aES-MaACL _jE-554 _bR.26601 |
||
| 999 |
_c62241 _d62241 |
||